Politics during the formative and initiative years of the Olympic Games, 1883-1896 /

Bibliographic Details
Main Author: Davakos, Haralambos D.
Format: Thesis Microform Book
Language:English
Published: [Place of publication not identified] : [publisher not identified] ; 1985.
Subjects:

MARC

Tag First Indicator Second Indicator Subfields
LEADER 00000cam a2200000 a 4500
001 in00000020787
005 20151007055456.0
007 he bmb|||||||
008 880122r19871985oru bb 00010 eng d
035 |a (OCoLC)17375303 
035 |9 AAB8352AM 
040 |a ORU  |c MIA  |d MIA  |d HPE  |d TXA  |d UtOrBLW 
049 |a TXAI 
099 |a fiche  |a C  |a 10425 
100 1 |a Davakos, Haralambos D. 
245 1 0 |a Politics during the formative and initiative years of the Olympic Games, 1883-1896 /  |c by Haralambos D. Davakos. 
264 1 |a [Place of publication not identified] :  |b [publisher not identified] ;  |c 1985. 
300 |a vi, 173 leaves. 
336 |a text  |b txt  |2 rdacontent 
337 |a microform  |b h  |2 rdamedia 
338 |a microfiche  |b he  |2 rdacarrier 
502 |b D.P.E.  |c Springfield College  |d 1985. 
504 |a Bibliography: leaves 163-173. 
533 |a Microfiche.  |b Eugene :  |c Microform Publications, College of Human Development and Performance, University of Oregon,  |d 1987.  |e 3 microfiches : negative ; 11 x 15 cm. 
500 |a Microform. 
650 0 |a Olympics  |x Political aspects. 
650 0 |a Olympics  |x Revival, 1896- 
600 1 0 |a Coubertin, Pierre de,  |d 1863-1937. 
999 |a MARS 
999 f f |s b9a37b5b-2647-3c34-bb1b-29f9b4174542  |i 8d172f23-222a-339d-b296-b30d0c053c2d  |t 0 
952 f f |p default  |a Texas A&M University  |b College Station  |c Sterling C. Evans Library  |d Evans: Microforms (3rd floor)  |t 0  |e fiche C 10425  |h Other scheme  |i microform -- microfiche 
998 f f |a fiche C 10425  |t 0  |l Evans: Microforms (3rd floor)